000 01112nam a22002771i 4500
001 192258
003 SpMaBN
005 20250811104303.0
008 221129q19281936sp a 000 0 spa
016 7 _abimoBNE19972125471
_zIND9100135227
_zBNE19972125460
_zIND9100135226 [
_2SpMaBN]
040 _aSpMaBN
_bspa
_cA2
080 _a728.81(460.353 S.)
100 1 _aCarriazo y Arroquia, Juan de Mata.
_935736
245 1 0 _aAlcázar de Sevilla /
_ccuarenta y ocho ilustraciones, con texto de Juan de M. Carriazo.
260 _aBarcelona :
_bH. de J. Thomas,
_c[entre 1928-1936]
300 _a28 p., 48 p. de lám. ;
_c15 cm.
490 1 _aEl arte en España / Patronato Nacional del Turismo ;
_v29
546 _aTexto en español, francés e inglés.
610 2 4 _aAlcázar de Sevilla.
_91324
651 4 _aSevilla-
_xEdificios, estructuras, etc.
_9175885
710 2 _aPatronato Nacional del Turismo (España)
_96194
830 1 3 _aEl arte en España / Patronato Nacional de Turismo
_v29
_9193583
852 4 _aES-MaACL
_jC-32220(1)
999 _c192258
_d192258